AKSU Journal of Administration and Corporate Governance [AKSUJACOG] (Record no. 38064)

MARC details
000 -LEADER
fixed length control field 00497nam a2200157Ia 4500
022 ## - INTERNATIONAL STANDARD SERIAL NUMBER
ISSN 28054083
050 ## - CALL MARK
Classification number JF 1351 .A37/
245 #0 - TITLE STATEMENT
Title AKSU Journal of Administration and Corporate Governance [AKSUJACOG]
260 ## - PUBLICATION, DISTRIBUTION, ETC. (IMPRINT)
Place of publication Akwa Ibom State, Nigeria
260 ## - PUBLICATION, DISTRIBUTION, ETC. (IMPRINT)
Year of publication 2021
300 ## - PHYSICAL DESCRIPTION
Number of Pages iv, 163 p. :ill. ; 29 cm.
650 ## - SUBJECT ADDED ENTRY--TOPICAL TERM
Topical Term Public administration. Corporate governance. Social responsibility of business.
942 ## - ADDED ENTRY ELEMENTS (KOHA)
Koha item type Serials

No items available.